00490nam a2200181 a 4500001001300000003000900013005001700022008004100039020001000080082001500090100001700105245008000122260002900202300000900231500003500240505001000275650002300285nice12345678IN_TiNIC20260116011255.0050524s1922 newa grp 000 0 eng  ac10000a297.1bTAB aTabbari, Ali aBook of Religion and Empireb Semi-Official Defence and Exposition of Islam aNew YorkbLongman c1922 a174p aincludes index and biblioraphy2 aIndex aIslam-Meccan Trade